000 00276nam a22001097a 4500
041 _aeng
080 _a80
100 _aКарамышева, Т. В.
245 _aИзуч. иностр. языков с помощью комп..
650 _aTeaching English
999 _c281904
_d281904
942 _cBK